Practical DV filmmaking : A step-by-step guide for beginners

This book provides a practical guide to the process of making a film with low-cost digital equipment: from development through to production, post-production and distribution. The book concen trates on filmmaking principles throughout, showing how to use digital tools for innovative filmmaking

Đã lưu trong:
Bibliografiske detaljer
Hovedforfatter: Evans, Russell
Format: Bog
Sprog:Undetermined
Udgivet: Amsterdam Elsevier 2004
Fag:
Tags: Tilføj Tag
Ingen Tags, Vær først til at tagge denne postø!
Thư viện lưu trữ: Trung tâm Học liệu Trường Đại học Cần Thơ
LEADER 00851nam a2200217Ia 4500
001 CTU_214320
008 210402s9999 xx 000 0 und d
082 |a 778.590285 
082 |b E92 
100 |a Evans, Russell 
245 0 |a Practical DV filmmaking : 
245 2 |b A step-by-step guide for beginners 
245 0 |c Russell Evans 
260 |a Amsterdam 
260 |b Elsevier 
260 |c 2004 
520 |a This book provides a practical guide to the process of making a film with low-cost digital equipment: from development through to production, post-production and distribution. The book concen trates on filmmaking principles throughout, showing how to use digital tools for innovative filmmaking 
650 |a Digital video 
904 |i Tuyến 
910 |a AV.000718 
980 |a Trung tâm Học liệu Trường Đại học Cần Thơ